[Event "Moscow op-A 04th"]
[Site "Moscow"]
[Date "2008.02.08"]
[Round "7"]
[White "Veliev, Gasan"]
[Black "Losev, Dmitry"]
[Result "0-1"]
[WhiteElo "2264"]
[BlackElo "2344"]
[PlyCount "46"]
[EventDate "2008.02.02"]
[EventType "swiss"]
[EventRounds "9"]
[EventCountry "RUS"]
[SourceTitle "CBM 122 Extra"]
[Source "ChessBase"]
[SourceDate "2008.03.04"]
[SourceVersion "1"]
[SourceVersionDate "2008.03.04"]
[SourceQuality "1"]

1. e4 c5 2. Nc3 Nc6 3. g3 g6 4. Bg2 Bg7 5. Nge2 d6 6. 0-0 Rb8 7. d3 b5 8. f4 Nd4 9. h3 e6 10. Nxd4 cxd4 11. Ne2 Ne7 12. Bd2 0-0 13. c3 dxc3 14. Bxc3 e5 15. b3 b4 16. Bb2 d5 17. Bxe5 Bxe5 18. fxe5 dxe4 19. dxe4 Ba6 20. Rf2 Bxe2 21. Rxe2 Qb6+ 22. Kh2 Rbd8 23. Rd2 Nc6 0-1

[Event "Severstal 45 Jubilee"]
[Site "Cherepovets"]
[Date "2000.??.??"]
[Round "3"]
[White "Bratchenko, Alexander"]
[Black "Veliev, Gasan"]
[Result "1-0"]
[WhiteElo "2400"]
[BlackElo "2318"]
[PlyCount "75"]
[EventDate "2000.??.??"]
[EventType "tourn"]
[EventRounds "13"]
[EventCountry "RUS"]
[SourceTitle "EXT 2001"]
[Source "ChessBase"]
[SourceDate "2000.11.22"]
[SourceVersion "1"]
[SourceVersionDate "2000.11.22"]
[SourceQuality "1"]

1. d4 Nf6 2. c4 e6 3. Nf3 c5 4. d5 exd5 5. cxd5 d6 6. Nc3 g6 7. e4 a6 8. a4 Bg7 9. h3 0-0 10. Bd3 Nbd7 11. 0-0 Qe7 12. Re1 Ne5 13. Nxe5 Qxe5 14. f4 Qd4+ 15. Be3 Qb4 16. Qc2 Nd7 17. a5 b5 18. axb6 Qxb6 19. Ra2 Re8 20. Kh2 Bb7 21. Bc4 Re7 22. Bf2 Rae8 23. Qd3 Nb8 24. Bh4 Rd7 25. b3 Bc8 26. Rae2 f6 27. Nd1 Rf7 28. Nf2 Bd7 29. Ng4 h5 30. Nf2 Kh7 31. Qf3 f5 32. exf5 Rxe2 33. fxg6+ Kxg6 34. Bxe2 Kh7 35. Qxh5+ Kg8 36. Bd3 Qxb3 37. Bg6 Rxf4 38. Qh7+ 1-0